| 000 | 00896nam a2200265 a 4500 | ||
|---|---|---|---|
| 001 | 25016 | ||
| 003 | CO-ViMGA | ||
| 008 | 141112s2004 ck r 000 u spa d | ||
| 020 | _a9789583038662 | ||
| 040 |
_aCO-ViMGA _bspa _cCO-ViMGA |
||
| 041 | _aSPA | ||
| 082 | 0 | 4 | _a591 Q45 |
| 245 | 1 | 0 |
_a500 preguntas y respuestas sobre los animales/ _cilustraciones Francisco Arredondo , Juan Xarrié |
| 250 | _a1a ed. | ||
| 260 |
_aBogotá : _bPanAméricana, _c2012 |
||
| 300 | _a221 p. : il. col. : il. | ||
| 650 | 1 | 4 |
_aANIMALES - HABITOS Y CONDUCTA _938020 |
| 650 | 1 | 4 |
_aANIMALES - PREGUNTAS Y RESPUESTAS _938021 |
| 650 | 1 | 4 |
_aANIMALES ACUATICOS - PREGUNTAS Y RESPUESTAS _938022 |
| 650 | 1 | 4 |
_aAVES - PREGUNTAS Y RESPUESTAS _938023 |
| 650 | 1 | 4 |
_aDESDE LOS 9 AÑOS _933 |
| 650 | 1 | 4 |
_aZOOLOGIA - ENSEÑANZA ELEMENTAL _938024 |
| 700 | 1 |
_aArredondo, Francisco Xarrié, Juan _938025 |
|
| 942 |
_2ddc _cBK |
||
| 999 |
_c2475 _d2475 |
||